Nonverbal communication : (Record no. 699)

000 -LEADER
fixed length control field 02010cam a2200337 a 4500
001 - CONTROL NUMBER
control field 15925280
005 - DATE AND TIME OF LATEST TRANSACTION
control field 20210616112149.0
008 - FIXED-LENGTH DATA ELEMENTS--GENERAL INFORMATION
fixed length control field 090928s2010 nyua b 001 0 eng
010 ## - LIBRARY OF CONGRESS CONTROL NUMBER
LC control number 2009038936
020 ## - INTERNATIONAL STANDARD BOOK NUMBER
International Standard Book Number 9780195378573 (acidfree paper)
035 ## - SYSTEM CONTROL NUMBER
System control number (OCoLC)ocn444111357
040 ## - CATALOGING SOURCE
Original cataloging agency DLC
Transcribing agency DLC
Modifying agency C#P
-- YDXCP
-- DLC
050 00 - LIBRARY OF CONGRESS CALL NUMBER
Classification number P99.5
Item number .H53 2010
082 00 - DEWEY DECIMAL CLASSIFICATION NUMBER
Classification number 302.2/22
Edition number 22
100 1# - MAIN ENTRY--PERSONAL NAME
Personal name Moore, Nina-Jo.
245 10 - TITLE STATEMENT
Title Nonverbal communication :
Remainder of title studies and applications /
Statement of responsibility, etc. Nina-Jo Moore, Mark Hickson III, Don W. Stacks.
250 ## - EDITION STATEMENT
Edition statement 5th ed.
260 ## - PUBLICATION, DISTRIBUTION, ETC.
Place of publication, distribution, etc. New York :
Name of publisher, distributor, etc. Oxford University Press,
Date of publication, distribution, etc. 2010.
300 ## - PHYSICAL DESCRIPTION
Extent xviii, 461 p. :
Other physical details ill. ;
Dimensions 24 cm.
500 ## - GENERAL NOTE
General note Prev. ed. entered under Hickson, Mark.
504 ## - BIBLIOGRAPHY, ETC. NOTE
Bibliography, etc. note Includes bibliographical references and indexes.
505 0# - FORMATTED CONTENTS NOTE
Formatted contents note Foundations of nonverbal communication -- Methods of nonverbal communication research -- Haptics (touch) -- Proxemics (personal space) -- Proxemics (territory and environment) -- Physical appearance : impressions of the body -- Body alterations and coverings -- Kinesics : the study of human body movements -- A practical functional approach to kinesics -- Vocalics (paralanguage) -- The covert subcodes : biofeedback, olfaction, and chronemics -- Nonverbal communication in social situations -- Nonverbal communication in the family -- Nonverbal communication at work -- The future of nonverbal communication : a review.
650 #0 - SUBJECT ADDED ENTRY--TOPICAL TERM
Topical term or geographic name entry element Nonverbal communication.
700 1# - ADDED ENTRY--PERSONAL NAME
Personal name Hickson, Mark.
700 1# - ADDED ENTRY--PERSONAL NAME
Personal name Stacks, Don W.
700 1# - ADDED ENTRY--PERSONAL NAME
Personal name Hickson, Mark.
Title of a work Nonverbal communication.
906 ## - LOCAL DATA ELEMENT F, LDF (RLIN)
a 7
b cbc
c orignew
d 1
e ecip
f 20
g y-gencatlg
925 0# -
-- acquire
-- 1 shelf copy
-- policy default
925 1# -
-- acquire
-- 2 shelf copies
-- policy default
955 ## - COPY-LEVEL INFORMATION (RLIN)
-- bf07 2009-09-29
-- re13 2010-03-18 Z-CipVer Copy1 Barcode 00240618795 to BCCD
-- xg22 2010-04-14 copy 2 added
Holdings
Withdrawn status Lost status Source of classification or shelving scheme Damaged status Not for loan Permanent Location Current Location Shelving location Date acquired Total Checkouts Full call number Barcode Date last seen Price effective from Koha item type Public note
          AU LIBRARY AU LIBRARY Open Shelf 16.06.2021   P99.5 .H53 2010 28003925 16.06.2021 16.06.2021 Book MW

Powered by Koha